Rāmāyaṇa-navanīta. (Record no. 53829)

MARC details
000 -LEADER
fixed length control field 00607cam a22002291 4500
001 - CONTROL NUMBER
control field sa 63001142
003 - CONTROL NUMBER IDENTIFIER
control field DLC
005 - DATE AND TIME OF LATEST TRANSACTION
control field 20260227111925.0
008 - FIXED-LENGTH DATA ELEMENTS--GENERAL INFORMATION
fixed length control field 890606s1962 ii a 000 0 gujo
010 ## - LIBRARY OF CONGRESS CONTROL NUMBER
LC control number sa 63001142
035 ## - SYSTEM CONTROL NUMBER
System control number (OCoLC)19824374
040 ## - CATALOGING SOURCE
Original cataloging agency DLC
Transcribing agency WaU
Modifying agency DLC
042 ## - AUTHENTICATION CODE
Authentication code premarc
050 00 - LIBRARY OF CONGRESS CALL NUMBER
Classification number PK3659
Item number .S3
100 1# - MAIN ENTRY--PERSONAL NAME
Personal name Śāstrī, Kr̥shṇaśaṅkara.
245 10 - TITLE STATEMENT
Title Rāmāyaṇa-navanīta.
260 ## - PUBLICATION, DISTRIBUTION, ETC.
Date of publication, distribution, etc. [1962]
300 ## - PHYSICAL DESCRIPTION
Extent 168 p.
Other physical details illus.
Dimensions 19 cm.
500 ## - GENERAL NOTE
General note In Gujarati.
600 00 - SUBJECT ADDED ENTRY--PERSONAL NAME
Personal name Vālimikī.
Title of a work Rāmāyaṇa.
600 00 - SUBJECT ADDED ENTRY--PERSONAL NAME
Personal name Tulasīdāsa,
Dates associated with a name 1532-1623.
Title of a work Rāmacaritamānasa.

No items available.

Powered by Koha